| 000 | 00382nam a2200145Ia 4500 | ||
|---|---|---|---|
| 005 | 20250729165746.0 | ||
| 008 | 250729s2013 xx 000 0 und d | ||
| 041 | _aeng | ||
| 082 | _a372.25 NAMP | ||
| 100 |
_aDr.Namitha Mohanthy _9232287 |
||
| 245 | _aPsychological Disorderd | ||
| 260 |
_aNew Delhi _bNeelkamal Publication _c2013 |
||
| 300 | _a215p | ||
| 650 |
_aPsychology _9232288 |
||
| 999 |
_c239707 _d239707 |
||